000 00558nam a2200241Ia 4500
005 20260306150714.0
008 008 260114s9999 xx 000 0 eng d
020 _a9780300248883
037 _aEbook
040 _aCRL
040 _beng
040 _cCRL
041 _2eng
041 _aeng
084 _qCRL
245 4 _aThe True Creator of Everything
260 _bYale University Press
260 _c2020
650 _aMedicine
856 _uhttps://www.degruyter.com/isbn/9780300248883
942 _cEBOOK
999 _c1698942
_d1698942